| 000 | 00542nam a2200217Ia 4500 | ||
|---|---|---|---|
| 005 | 20250425160750.0 | ||
| 008 | 250425s9999 xx 000 0 und d | ||
| 041 | _aeng | ||
| 082 | _a622.03 | ||
| 100 | _aTHRUSH, PAUL W. | ||
| 245 | 0 | _aA DICTIONARY OF MINING, MINERAL, AND RELATED TERMS | |
| 250 | _aS.E. | ||
| 260 |
_aEstados Unidos _bBUREAU OF MINES _c1968 |
||
| 260 | _aWASHINGTON | ||
| 300 | _a1269 | ||
| 650 | _aINGLES-DICCIONARIOS | ||
| 650 | _aMINERALES | ||
| 650 | _aMINERIA-DICCIONARIO | ||
| 942 | _c01 | ||
| 010 | _a4766 | ||
| 999 |
_c195721 _d195721 |
||